| 000 | 03192cam a22011294i 4500 | ||
|---|---|---|---|
| 003 | PE-LiUPU | ||
| 005 | 20250813185500.0 | ||
| 008 | 150625s r 000 0 d | ||
| 035 | _a(Sirsi) a30340 | ||
| 040 |
_aPE-LiUPU _bspa _cPE-LiUPU _erda |
||
| 082 | 0 | 4 |
_a320.01 _bS83 _221 |
| 100 | 1 |
_aStrauss, Leo, _eautor. |
|
| 245 | 1 | 0 | _aHistoria de la filosofía política,Historia de la filosofía política. |
| 264 | 1 |
_aSan Lorenzo-Mexico : _bIEPSA, _c1993. |
|
| 300 |
_a904 páginas ; _c24 cm. |
||
| 336 |
_atext _2rdacontent |
||
| 337 |
_aunmediated _2rdamedia |
||
| 338 |
_avolume _2rdacarrier |
||
| 505 | 0 | _aTucidides, por David Bolotin.- Platon, por Leo Strauss.- Jenofonte, por Chistopher Bruell.- Aristoteles, por Carnes Lord.- Marco Tulio Ciceron, por James E. Holton.- Alfarabi, por Mushin Mahdi.- Moises Maimonides, por Ralph Lerner.- Marsilio de Padua, por Leo Strauss.- Nicolas Maquiavelo, por Leo Strauss.- Martin Lutero y Juan Calvino, por Ducan.- Richard Hooker, por Ducan B. Forrester.- Francis Bacon, por Howard B. White.- Hugo Grocio, por Richard H. Cox.- Thomas Hobbes, por Laurence Berns.- Rene Descartes, por Richard Kennigton.- Jhon Milton, por Walter Berns.- Baruch de Spinoza, por Stanley Rosen.- John Locke, por Robert A. Goldwin.- Montesquieu, por David Lowenthal. | |
| 526 | _aP202 | ||
| 526 | _aP201 | ||
| 526 | _aP163 | ||
| 526 | _aP162 | ||
| 526 | _aP161 | ||
| 526 | _aP160 | ||
| 526 | _aP148 | ||
| 526 | _aP147 | ||
| 526 | _aP146 | ||
| 526 | _aP145 | ||
| 526 | _aP144 | ||
| 526 | _aP143 | ||
| 526 | _aP142 | ||
| 526 | _aP141 | ||
| 526 | _aP140 | ||
| 526 | _aP139 | ||
| 526 | _aP138 | ||
| 526 | _aP137 | ||
| 526 | _aP136 | ||
| 526 | _aP135 | ||
| 526 | _aP134 | ||
| 526 | _aP133 | ||
| 526 | _aP129 | ||
| 526 | _aP128 | ||
| 526 | _aP127 | ||
| 526 | _aP120 | ||
| 526 | _aP119 | ||
| 526 | _aP118 | ||
| 526 | _aP116 | ||
| 526 | _aP115 | ||
| 526 | _aP114 | ||
| 526 | _aP110 | ||
| 526 | _aP109 | ||
| 526 | _aP108 | ||
| 526 | _aP104 | ||
| 526 | _aP103 | ||
| 526 | _aP102 | ||
| 526 | _aP99 | ||
| 526 | _aP98 | ||
| 526 | _aP97 | ||
| 526 | _aP96 | ||
| 526 | _aP95 | ||
| 526 | _aP93 | ||
| 526 | _aP90 | ||
| 526 | _aP89 | ||
| 526 | _aP88 | ||
| 526 | _aP83 | ||
| 526 | _aP82 | ||
| 526 | _aP62 | ||
| 526 | _aP59 | ||
| 526 | _aP58 | ||
| 526 | _aP57 | ||
| 526 | _aP51 | ||
| 526 | _aP49 | ||
| 526 | _aP48 | ||
| 526 | _aP47 | ||
| 526 | _aP29 | ||
| 526 | _aP24 | ||
| 526 | _aP20 | ||
| 526 | _aP19 | ||
| 526 | _aP17 | ||
| 526 | _aP15 | ||
| 526 | _aP14 | ||
| 526 | _aP12 | ||
| 526 | _aP10 | ||
| 526 | _aP09 | ||
| 526 | _aP08 | ||
| 526 | _aP07 | ||
| 526 | _aP06 | ||
| 526 | _aP05 | ||
| 526 | _aP04 | ||
| 526 | _aP01 | ||
| 942 |
_2ddc _cBOOK |
||
| 949 |
_a320.01 S83 _wDEWEY _c1 _i38391 _lCCODEBUL1 _mBUL _p00.00 _r0 _sY _tBOOK _u2015-06-25 _xBIBLIOTECA _zUNKNOWN _0COMPRA _o.STAFF. Colección General |
||
| 596 | _a1 | ||
| 999 |
_a320.01 S83 _wDEWEY _c37785 _i38391 _d37785 _e2015-12-1 _f2021-11-5 _g5 _lCCODEBUL1 _mBUL _n1 _r0 _sY _tBOOK _u2015-6-25 _xBIBLIOTECA _zUNKNOWN _0COMPRA _o.STAFF. Colección General |
||
| 980 |
_81 _gALBERTO SANCHEZ Responsable de Automatización |
||